Normal view
MARC view
- Schiller L. Preston
Entry Personal Name
001 - CONTROL NUMBER
- control field: 18416
003 - CONTROL NUMBER IDENTIFIER
- control field: NUST
005 - DATE AND TIME OF LATEST TRANSACTION
- control field: 20190723123510.0
008 - FIXED-LENGTH DATA ELEMENTS
- fixed length control field: 190723|| aca||aabn | a|a d
040 ## - CATALOGING SOURCE
- Original cataloging agency: NUST
- Transcribing agency: NUST
100 ## - HEADING--PERSONAL NAME
- Personal name: Schiller L. Preston
670 ## - SOURCE DATA FOUND
- Source citation: Work cat.: (NUST): Schiller L. Preston , An introduction to sustainable transportation , 2018
